<?xml version="1.0" encoding="UTF-8"?>
<resp>
  <nextPage>https://data.bn.org.pl/api/networks/bibs.marcxml?marc=001+b0000005554578&amp;sinceId=5554579</nextPage>
  <collection>
    <record xmlns='http://www.loc.gov/MARC21/slim'><leader>02883nam a2200625 i 4500</leader><controlfield tag='001'>b0000005554578</controlfield><controlfield tag='005'>20250226045116.8</controlfield><controlfield tag='008'>170512s1768    pl           |000 0 lat  </controlfield><controlfield tag='009'>9910009891605606</controlfield><datafield ind1=' ' ind2=' ' tag='026'><subfield code='a'>e-u-m,ob</subfield><subfield code='b'>t,i- Quli (C)</subfield><subfield code='c'>1786 (A)</subfield><subfield code='5'>WA N</subfield></datafield><datafield ind1=' ' ind2=' ' tag='035'><subfield code='a'>991008709189705066</subfield></datafield><datafield ind1=' ' ind2=' ' tag='035'><subfield code='a'>(PL-WaBN)b55545786-48omnis_nlop</subfield></datafield><datafield ind1=' ' ind2=' ' tag='035'><subfield code='a'>b55545786</subfield></datafield><datafield ind1=' ' ind2=' ' tag='035'><subfield code='a'>(OCoLC)1042518688</subfield></datafield><datafield ind1=' ' ind2=' ' tag='035'><subfield code='a'>(PL)b0000005554578</subfield></datafield><datafield ind1=' ' ind2=' ' tag='040'><subfield code='a'>WA N</subfield><subfield code='c'>WA N</subfield><subfield code='d'>WA N</subfield></datafield><datafield ind1='0' ind2=' ' tag='045'><subfield code='b'>d1768</subfield></datafield><datafield ind1=' ' ind2=' ' tag='046'><subfield code='k'>1768</subfield></datafield><datafield ind1='1' ind2=' ' tag='100'><subfield code='a'>Podzyński, Walenty Jan Kanty</subfield><subfield code='e'>Autor</subfield></datafield><datafield ind1='1' ind2='0' tag='245'><subfield code='a'>Religiosissimo emeritissimo eximio et admodum reverendo patri p. Basilio Barski, sacrae theologiae magistro sacerrimi ordinis praedicatorum per utramq. Poloniam priori provinciali orationem suam in laudem divinissimi confessoris angelici quinti ecclesiae doctoris Thomae Aquinatis ex more academico ad Sanctissimae Trinitatis aedes habitam. M. Valentinus Joannes Cantius Podzynski in Alma Scientiarum Universitate Cracoviensi, philosophiae doctor, ejusdemq. ac poeseos in Classibus Vladislaviano-Novodvorscianis secundarum horarum Publicus professor, contubernii hierosolymitani senior, profundissimo cultu ac reverentia inscribit Anno Domini 1768 17 Calendas Aprilis.</subfield></datafield><datafield ind1=' ' ind2=' ' tag='260'><subfield code='a'>Cracoviae :</subfield><subfield code='b'>in Typographia Seminar. Episcop. Academ. Dioeces.,</subfield><subfield code='c'>1768.</subfield></datafield><datafield ind1=' ' ind2=' ' tag='300'><subfield code='a'>[16] kart, sygnowanie )(4, A-C4 ;</subfield><subfield code='c'>4°.</subfield></datafield><datafield ind1=' ' ind2=' ' tag='336'><subfield code='a'>Tekst</subfield><subfield code='b'>txt</subfield><subfield code='2'>rdacontent</subfield></datafield><datafield ind1=' ' ind2=' ' tag='337'><subfield code='a'>Bez urządzenia pośredniczącego</subfield><subfield code='b'>n</subfield><subfield code='2'>rdamedia</subfield></datafield><datafield ind1=' ' ind2=' ' tag='338'><subfield code='a'>Wolumin</subfield><subfield code='b'>nc</subfield><subfield code='2'>rdacarrier</subfield></datafield><datafield ind1=' ' ind2=' ' tag='380'><subfield code='a'>Książki</subfield></datafield><datafield ind1=' ' ind2=' ' tag='380'><subfield code='a'>Starodruki</subfield></datafield><datafield ind1='1' ind2=' ' tag='388'><subfield code='a'>1701-1800</subfield></datafield><datafield ind1=' ' ind2=' ' tag='500'><subfield code='a'>Dedykacja: ,,Ad eundem Religiosissimum Emeritissimum etc. Priorem Provincialem&apos;&apos;.</subfield></datafield><datafield ind1='4' ind2=' ' tag='510'><subfield code='a'>Estr. XV-XVIII,</subfield><subfield code='c'>XXIV, 419.</subfield></datafield><datafield ind1='0' ind2='7' tag='600'><subfield code='a'>Tomasz z Akwinu</subfield><subfield code='c'>(święty ;</subfield><subfield code='d'>1225-1274)</subfield><subfield code='2'>DBN</subfield></datafield><datafield ind1='1' ind2='7' tag='600'><subfield code='a'>Barski, Bazyli</subfield><subfield code='2'>DBN</subfield></datafield><datafield ind1='2' ind2='7' tag='610'><subfield code='a'>Uniwersytet Jagielloński</subfield><subfield code='2'>DBN</subfield></datafield><datafield ind1=' ' ind2='7' tag='648'><subfield code='a'>1701-1800</subfield><subfield code='2'>DBN</subfield></datafield><datafield ind1=' ' ind2='7' tag='650'><subfield code='a'>Teologia</subfield><subfield code='2'>DBN</subfield></datafield><datafield ind1=' ' ind2='7' tag='655'><subfield code='a'>Mowy</subfield><subfield code='2'>DBN</subfield></datafield><datafield ind1=' ' ind2=' ' tag='658'><subfield code='a'>Religia i duchowość</subfield></datafield><datafield ind1='2' ind2=' ' tag='710'><subfield code='a'>Drukarnia Seminarium Biskupio-Akademickiego (Kraków)</subfield><subfield code='e'>Druk</subfield></datafield><datafield ind1=' ' ind2=' ' tag='752'><subfield code='a'>Polska</subfield><subfield code='d'>Kraków.</subfield></datafield><datafield ind1=' ' ind2=' ' tag='852'><subfield code='b'>48OMNIS_NETWORK</subfield><subfield code='8'>9910009891605606</subfield></datafield><datafield ind1=' ' ind2=' ' tag='852'><subfield code='b'>48OMNIS_NLOP</subfield><subfield code='8'>991008709189705066</subfield></datafield><datafield ind1=' ' ind2=' ' tag='852'><subfield code='8'>22494309260005066</subfield><subfield code='j'>1</subfield><subfield code='h'>SD W.1.1055</subfield><subfield code='b'>BN_PL</subfield><subfield code='p'>777i53713813</subfield><subfield code='c'>bstdr</subfield></datafield><datafield ind1=' ' ind2=' ' tag='950'><subfield code='u'>https://eu05.alma.exlibrisgroup.com/view/uresolver/48OMNIS_NETWORK/openurl?u.ignore_date_coverage=true&amp;portfolio_pid=53714415580005066&amp;Force_direct=true</subfield><subfield code='z'>Zobacz w Polonie: egzemplarz SD W.1.1055</subfield><subfield code='8'>53714415580005066</subfield></datafield></record>
  </collection>
</resp>
